Feedback control system analysis and synthesis
保存先:
| 第一著者: | |
|---|---|
| その他の著者: | |
| フォーマット: | 図書 |
| 出版事項: |
New York, McGraw-Hill
1966
|
| 版: | 2 edition |
| シリーズ: | McGraw-Hill electrical and electronic engineering series
|
| 主題: | |
| タグ: |
タグ追加
タグなし, このレコードへの初めてのタグを付けませんか!
|
MARC
| LEADER | 00000nam a2200000Ia 4500 | ||
|---|---|---|---|
| 003 | 000437 | ||
| 005 | 20221231143942.0 | ||
| 008 | 140114s1966 n a 000 ||e d | ||
| 040 | |c cru CEDI | ||
| 082 | |a 629.831.2 D277f2 | ||
| 100 | |a D'Azzo, John Joachim |9 18686 | ||
| 245 | |a Feedback control system analysis and synthesis | ||
| 250 | |a 2 edition | ||
| 260 | |a New York, McGraw-Hill |c 1966 | ||
| 300 | |a xx, 824 páginas : ilustraciones | ||
| 440 | |a McGraw-Hill electrical and electronic engineering series |9 18688 | ||
| 650 | |x SISTEMA DE OCNTROL POR RETROALIMENTACION |9 18689 | ||
| 700 | |9 18687 |a Houpis, Constantine H. | ||
| 942 | |2 ddc |c BK | ||
| 999 | |c 14719 |d 14719 | ||
